000
00271nam a2200121Ia 4500
008
190216s9999||||xx |||||||||||||| ||und||
100
_a
M.S. Mathew
245
0
_a
B.Sc.Subsidiry Physics
250
_a
I
260
_b
A M Publications
_c
2005
300
_a
239
942
_c
BK
999
_c
34732
_d
34732